000
00276nam a22001217a 4500
008
260430b |||||||| |||| 00| 0 eng d
082
_a
001377
100
_a
Panday, Baijanath
245
_a
Dasharupakam
260
_a
Delhi
_b
New Age Books
_c
2015
300
_a
470p
942
_2
ddc
999
_c
1370
_d
1370